| 000 | 00562nab a2200145Ia 4500 | ||
|---|---|---|---|
| 003 | ES-SlBCS | ||
| 005 | 20210601133737.0 | ||
| 008 | 140529s2003 xxu||||| |||| 00| 0 por d | ||
| 041 | _apor | ||
| 100 | 1 |
_aMoura Sobrinho, Vicente Batista de _9209081 |
|
| 245 | 0 | 0 |
_a(Re)Leitura do ensino através da imprensa jornalística: uma abordagem sócio-histórica (Uberlândia, MG 1940-1960) _c Vicente Batista de Moura Sobrinho |
| 650 | 0 | 4 |
_aEnseñanza-Periódicos _9209082 |
| 773 | 0 |
_tEducaçao e Filosofia _gvol. 17, nº. 34, 2003, págs. 165-205 _wRev1534 |
|
| 942 | _cAR | ||
| 999 |
_c601416 _d601416 |
||